000 00617nam a2200205Ia 4500
003 OSt
005 20241202160207.0
008 210716s2001 xx 000 0 und d
020 _a0130283576
040 _cAIMIT LIBRARY
041 _aeng
082 _a658.802
_21
_bQUEJ
100 _aQuelch, John A.
_9187373
245 _aCases in strategic marketing management :
_bbusiness strategies in muslim countries /
_cBy John a Quelch.
250 _a1st ed.
260 _aNew Jersy :
_bPrentice Hall ,
_c2001.
300 _a178p. ;
_bPB
_c24.3 cm
650 _aMarketing
_9187374
942 _2ddc
_cBK
_e1st
_k658.802 QUEJ
999 _c198408
_d198408